Statistiques concernant Lignes de bus de Paris

Cliquez ici pour prendre le quiz!

Statistiques générales

  • Ce quiz a été pris 205 fois
  • Le résultat moyen est 51 sur 122

Statistiques - réponses

LigneTerminus% Correct
35 | 39 | 43 | +2 othersGare du Nord
84%
31 | 32 | 46Gare de l'Est
83%
63 | 72 | 77Gare de Lyon
78%
47 | 58 | 74 | +2 othersChâtelet
72%
20 | 48 | 64 | 96Porte des Lilas
70%
26Nation
65%
91 | 94 | 96Gare Montparnasse
64%
38 | 92Porte d'Orléans
61%
56Porte de Clignancourt
57%
38Porte de la Chapelle
57%
59 | 61Place d'Italie
54%
42Gare Saint-Lazare
52%
52 | 66Opéra
52%
22 | 62Porte de Saint-Cloud
52%
21Porte de Saint-Ouen
52%
27 | 83Porte d'Ivry
52%
24 | 75 | 82 | 84Panthéon
51%
57Porte de Bagnolet
50%
22 | 26 | 27 | 29Saint-Lazare
50%
28Porte de Clichy
49%
32 | 88Porte d'Auteuil
48%
80Porte de Versailles
47%
83 | 87 | 93Invalides
46%
71Porte de la Villette
46%
95Porte de Vanves
45%
28Montparnasse
44%
31Charles de Gaulle Etoile
43%
46 | 56Château de Vincennes
43%
70Hôtel de Ville
43%
60 | 69Gambetta
42%
PCPorte d'Asnières
42%
68Place de Clichy
41%
25 | 71Bibliothèque François Mitterrand
39%
45Concorde
39%
30Pigalle
38%
92Porte de Champerret
38%
75Porte de Pantin
38%
69 | 86Champ de Mars
37%
64Denfert-Rochereau
37%
PCPont du Garigliano
36%
54Porte d'Aubervilliers
33%
62 | 89Porte de France
33%
29Porte de Montempoivre
28%
60 | 95Porte de Montmartre
28%
20Louison Bobet
27%
94Pont de Levallois
27%
73Musée d'Orsay
26%
68Châtillon Montrouge
25%
80Mairie du 18e
25%
88Montsouris
24%
35Mairie d'Aubervilliers
23%
43Neuilly Bagatelle
23%
52 | 72Parc de Saint-Cloud
23%
57Arcueil Laplace
22%
63Porte de la Muette
21%
24Ecole vétérinaire de Maisons-Alfort
20%
66 | 85Saint-Ouen Les Docks
20%
21 | 67Stade Charléty Porte de Gentilly
20%
82Neuilly Hôpital Américain
19%
61Eglise de Pantin
18%
87Porte de Reuilly
18%
70 | 93Suresnes De Gaulle
18%
58Vanves - Lycée Michelet
18%
54Gabriel Péri
17%
59Gare de Clamart
17%
30Hôpital Européen Georges Pompidou
17%
40Le Peletier
17%
39Issy Frères Voisins
16%
77Joinville-le-Pont RER
16%
67Palais Royal Musée du Louvre
16%
89Vanves-Malakoff
16%
45Aubervilliers France Asie
15%
76Bagnolet Louise Michel
15%
84Levallois Alsace
15%
40Jules Joffrin
14%
47Fort du Kremlin-Bicêtre
13%
74Clichy Berges de Seine
12%
86Saint-Mandé Parc zoologique
12%
42Cours de l'Île Seguin
10%
25Vitry-sur-Seine Duras
10%
73La Garenne Colombes Charlebourg
9%

Distribution des résultats

Percentile par nombre de réponses

% des personnes avec chaque résultat

Votre développement - résultats

Vous n’avez pas pris ce quiz